10 rokov Slovenska v EÚ: Rozvoj kultúry a kreatívneho priemyslu a implementácia kultúrnej politiky na Slovensku
Priemysel kultúry a kreatívne odvetvia. Kultúrna politika EÚ. Kultúrna politika na Slovensku. Košice - európske hlavné mesto kultúry 2013.
Gespeichert in:
| 1. Verfasser: | |
|---|---|
| Format: | Buchkapitel |
| Sprache: | Slowakisch |
| Schlagworte: | |
| Tags: |
Keine Tags, Fügen Sie das erste Tag hinzu!
|
MARC
| LEADER | 00000nla a2200000 4500 | ||
|---|---|---|---|
| 001 | 0198950 | ||
| 005 | 20240502073348.4 | ||
| 041 | 0 | |a slo | |
| 044 | |a SK | ||
| 245 | 1 | 0 | |a 10 rokov Slovenska v EÚ: Rozvoj kultúry a kreatívneho priemyslu a implementácia kultúrnej politiky na Slovensku |c Kristína Baculáková |
| 520 | |a Priemysel kultúry a kreatívne odvetvia. Kultúrna politika EÚ. Kultúrna politika na Slovensku. Košice - európske hlavné mesto kultúry 2013. | ||
| 610 | 2 | 0 | |a politika kultúrna |
| 610 | 2 | 0 | |a kultúra |
| 610 | 2 | 0 | |a kreativita |
| 610 | 2 | 0 | |a priemysel kreatívny |
| 610 | 2 | 0 | |a Slovensko |
| 610 | 2 | 0 | |a Európska únia |
| 100 | 1 | |a Baculáková, Kristína, 1988- | |